Представление документа в формате MARC21

ПолеНазваниеЗначение
  Тип записи a
  Библиографический уровень m
001 Контрольный номер RU/URAIT/583263
005 Дата корректировки 20260429163559.4
008 Кодируемые данные 260429s2026 RU y f j 000 0 rus u
020 Индекс ISBN __
a ISBN 978-5-534-19239-1
c Цена, тираж 1569.00
040 Источник каталогиз. __
a Служба первич. каталог. ИКО Юрайт
c Служба, преобразующая запись ИКО Юрайт
e Правила каталог. RCR
041 Код языка издания __
a Код языка текста rus
044 Код страны публикации __
a Код страны публикации RU
080 Индекс УДК __
a Индекс УДК 621(075.8)
084 Индекс другой классификации/Индекс ББК __
2 Источник индекса rubbk
a Индекс другой классификации/Индекс ББК 34.4я73
100 Автор __
a Автор Тотай А. В.
q Полное имя Тотай Анатолий Васильевич
245 Заглавие __
a Заглавие Основы технологии машиностроения
b Продолж. заглавия учебник и практикум для вузов
c Ответственность А. В. Тотай [и др.] ; под общей редакцией А. В. Тотая.
250 Сведения об издании __
g испр. и доп
a Основные сведения об издании 2-е изд.
256 Характеристики компьютерного файла __
a Характеристики компьютерного файла Электрон. дан.
260 Выходные данные __
a Место издания Москва
b Издательство Юрайт
c Дата издания 2026
300 Физическое описание __
a Объем 289 с
440 Серия __
a Серия Высшее образование
500 Примечания __
a Примечание URL: https://urait.ru/bcode/583263 (дата обращения: 29.04.2026).
520 Аннотация __
a Аннотация Учебник удачно сочетает теоретические сведения и примеры их практического применения в реальной жизни. В учебнике представлены все основные разделы курса, обеспечивающие подготовку обучающихся к освоению отраслевых технологий обрабатывающих производств. Текст актуален, приведены действующие ГОСТы, учтен отечественный и зарубежный опыт.
538 Прим. о системных особенностях __
a Прим. о системных особенностях Режим доступа: Электронно-библиотечная система Юрайт, для авториз. пользователей
653 Ключевые слова __
a Ключевые слова Машины, машиностроение и приборостроение
653 Ключевые слова __
a Ключевые слова Технические науки
653 Ключевые слова __
a Ключевые слова Технология машиностроения
653 Ключевые слова __
a Ключевые слова Технология машиностроения и приборостроения
653 Ключевые слова __
a Ключевые слова Основы технологии машиностроения
653 Ключевые слова __
a Ключевые слова Общая технология машиностроения
653 Ключевые слова __
a Ключевые слова Основы технологий машиностроения
653 Ключевые слова __
a Ключевые слова Технология машиностроения и термическая обработка металлов
653 Ключевые слова __
a Ключевые слова Технологии машиностроения
653 Ключевые слова __
a Ключевые слова Оптимизационные методы в технологии машиностроения
653 Ключевые слова __
a Ключевые слова Основы технологии машиностроения и производственное оборудование
653 Ключевые слова __
a Ключевые слова Технологии машиностроения и оборудование
653 Ключевые слова __
a Ключевые слова Технология конструкционных материалов и основы технологии машиностроения
653 Ключевые слова __
a Ключевые слова Введение в технологию машиностроения
653 Ключевые слова __
a Ключевые слова Технология машиностроения в литейном производстве
653 Ключевые слова __
a Ключевые слова Основы нормирования точности, технических измерений и технологии машиностроения эр
700 Другие авторы __
a Другие авторы Бишутин С. Г.
q Полное имя Бишутин Сергей Геннадьевич
700 Другие авторы __
a Другие авторы Горленко О. А.
q Полное имя Горленко Олег Александрович
700 Другие авторы __
a Другие авторы Прокофьев А. Н.
q Полное имя Прокофьев Александр Николаевич
700 Другие авторы __
a Другие авторы Федонин О. Н.
q Полное имя Федонин Олег Николаевич
856 Электронный адрес документа 40
n Местонахождение сервера Юрайт
g Электронная книга
q Тип электронного формата html
h Имя пользователя ЮРАЙТ
v Часы доступа к ресурсу 20271231
2 Способ доступа Показать документ
x Служебное примечание https://urait.ru/book/cover/08F6981C-1336-4D45-8973-4CB6BD06ABA2
u URL https://urait.ru/bcode/583263
856 Электронный адрес документа 48
q Тип электронного формата cover
u URL https://urait.ru/book/cover/08F6981C-1336-4D45-8973-4CB6BD06ABA2
911 __
u 0030=https://urait.ru/bcode/583263
911 __
u 073a=9785534192391
u 073d=1569.00
911 __
u 106a=s
911 __
u 900l=
952 Тип литературы __
i Дисциплина Технология машиностроения
952 Тип литературы __
i Дисциплина Технология машиностроения и приборостроения
952 Тип литературы __
i Дисциплина Основы технологии машиностроения
952 Тип литературы __
i Дисциплина Общая технология машиностроения
952 Тип литературы __
i Дисциплина Основы технологий машиностроения
952 Тип литературы __
i Дисциплина Технология машиностроения и термическая обработка металлов
952 Тип литературы __
i Дисциплина Технологии машиностроения
952 Тип литературы __
i Дисциплина Оптимизационные методы в технологии машиностроения
952 Тип литературы __
i Дисциплина Основы технологии машиностроения и производственное оборудование
952 Тип литературы __
i Дисциплина Технологии машиностроения и оборудование
952 Тип литературы __
i Дисциплина Технология конструкционных материалов и основы технологии машиностроения
952 Тип литературы __
i Дисциплина Введение в технологию машиностроения
952 Тип литературы __
i Дисциплина Технология машиностроения в литейном производстве
952 Тип литературы __
i Дисциплина Основы нормирования точности, технических измерений и технологии машиностроения эр